Mythologie grecque : les 9 muses de l'antiquité - Statistiques

Statistiques générales
  • Ce quiz a été pris 649 fois
  • Le résultat moyen est 5 sur 9
Statistiques - réponses
Attribut Nom % Correct
Histoire Clio
88%
Poésie épique Calliope
57%
Astronomie Uranie
56%
Musique Euterpe
55%
Poésie lyrique Érato
54%
Tragédie Melpomène
53%
Danse Terpsichore
50%
Comédie Thalie
48%
Rhétorique Polymnie
39%
Aucun quiz correspondant
Distribution des résultats
% des personnes avec chaque résultat
Percentile par nombre de réponses
Votre historique - résultats
Vous n’avez pas pris ce quiz